000
00272nam a22001097a 4500
008
160503b xxu||||| |||| 00| 0 eng d
020
_a
18778138585
041
_a
eng
080
_a
61
245
_a
University of Louisville Physicians:
_c
Edward C Halperrin ;
942
_2
udc
_c
BK
999
_c
1728
_d
1728